[Event "East Lansing (MOR/3/2)"]
[Site "?"]
[Date "1993.??.??"]
[Round "?"]
[White "Sledge, Ernest"]
[Black "Swathell, Gary"]
[Result "1-0"]
[WhiteElo "1770"]
[BlackElo "1660"]
[PlyCount "89"]
[EventDate "1993.??.??"]

{3/(2)} 1. e4 e6 2. d4 d5 3. e5 c5 4. c3 cxd4 5. cxd4 Bb4+ 6. Nc3 Nc6 7. Nf3
Nge7 8. Bd3 O-O 9. O-O f5 10. Bc2 Bxc3 11. bxc3 Qe8 12. Bd3 Qh5 13. Be2 Qg6 14.
Bf4 Qe8 15. Rb1 Ng6 16. Bc1 a6 17. Ba3 Rf7 18. Ng5 Rd7 19. Bh5 Na5 20. Bc5 b5
21. Qf3 Nc4 22. Rfd1 Rb7 23. Qh3 Nb6 24. Rd3 Nd7 25. Bd6 h6 26. Bxg6 Qxg6 27.
Nf3 Nf8 28. Nh4 Qh7 29. f4 Ng6 30. Qg3 Nxh4 31. Qxh4 Bd7 32. Rg3 Be8 33. Qf6
Rf7 34. Qxe6 Bc6 35. Bc5 Bb7 36. a4 g5 37. axb5 Kh8 38. fxg5 f4 39. g6 Qg7 40.
gxf7 fxg3 41. hxg3 Kh7 42. f8=Q Rxf8 43. Bxf8 Qxf8 44. Rf1 Qg8 45. Rf7+ 1-0

[Event "Flint (Class B/5)"]
[Site "?"]
[Date "1993.??.??"]
[Round "?"]
[White "Sledge, Ernest"]
[Black "Stockman, David"]
[Result "1-0"]
[WhiteElo "1750"]
[BlackElo "1675"]
[PlyCount "57"]
[EventDate "1993.??.??"]

1. e4 e6 2. d4 d5 3. e5 c5 4. c3 Nc6 5. Nf3 Qb6 6. Bd3 cxd4 7. cxd4 Bd7 8. Bc2
Nge7 9. O-O Nb4 10. Nc3 Nxc2 11. Qxc2 Nc6 12. Be3 Rc8 13. a3 Be7 14. b4 a6 15.
Na4 Qa7 16. Nc5 b6 17. Nxd7 Qxd7 18. Qd3 Qb7 19. Rac1 O-O 20. Rc2 Bxb4 21. Rxc6
Rxc6 22. axb4 Rfc8 23. h3 Rc3 24. Qb1 Qc6 25. Qa2 Qc4 26. Qa4 Rc2 27. Ra1 Ra8
28. Ne1 b5 29. Qxc2 1-0

[Event "Troy (TCC/B/1b/2)"]
[Site "?"]
[Date "1993.??.??"]
[Round "?"]
[White "Sledge, Ernest"]
[Black "Snodgrass, M."]
[Result "0-1"]
[WhiteElo "1770"]
[BlackElo "1665"]
[PlyCount "72"]
[EventDate "1993.??.??"]

1. e4 c5 2. Bc4 Nc6 3. Nf3 d6 4. Nc3 Nf6 5. O-O g6 6. d4 cxd4 7. Nxd4 Bg7 8. h3
O-O 9. Be3 Nxe4 10. Nxc6 bxc6 11. Nxe4 d5 12. Bc5 dxe4 13. c3 Qc7 14. Qe2 Qe5
15. Bd4 Qf5 16. f3 Be6 17. Bxg7 Kxg7 18. fxe4 Qc5+ 19. Qf2 Qxf2+ 20. Rxf2 Bxc4
21. b3 Be6 22. c4 Rfd8 23. Re1 Rd4 24. Kh2 Rad8 25. Kg1 Rd1 26. Rxd1 Rxd1+ 27.
Rf1 Rxf1+ 28. Kxf1 c5 29. Kf2 Kf6 30. Ke3 Ke5 31. h4 h5 32. g3 a5 33. Kd3 f5
34. exf5 Bxf5+ 35. Kc3 Ke4 36. a3 Kf3 0-1

[Event "East Lansing (MOR/5/1)"]
[Site "?"]
[Date "1993.??.??"]
[Round "?"]
[White "Sledge, Ernest"]
[Black "Morabito, Matthew"]
[Result "1-0"]
[WhiteElo "1770"]
[BlackElo "1785"]
[PlyCount "27"]
[EventDate "1993.??.??"]

{5/(1)} 1. e4 c5 2. Bc4 Nc6 3. Nf3 d6 4. O-O Nf6 5. Nc3 Bg4 6. d3 Nd4 7. e5
Bxf3 8. gxf3 dxe5 9. Re1 Qc7 10. Nb5 Qc6 11. Nxd4 exd4 12. a4 e6 13. Bb5 Bd6
14. f4 1-0

[Event "East Lansing (MOR/7/3)"]
[Site "?"]
[Date "1993.??.??"]
[Round "?"]
[White "Sledge, Ernest"]
[Black "Moore, Robert"]
[Result "1-0"]
[WhiteElo "1770"]
[BlackElo "1700"]
[PlyCount "81"]
[EventDate "1993.??.??"]

{7/(3)} 1. e4 c5 2. Nf3 d6 3. c3 Nf6 4. Be2 e6 5. O-O Be7 6. d4 cxd4 7. cxd4
Nxe4 8. d5 e5 9. Qa4+ Nd7 10. Qxe4 O-O 11. Nc3 a6 12. h3 Nf6 13. Qc2 Bd7 14.
Bd3 h6 15. Be3 Rc8 16. Qd2 Rxc3 17. Bh7+ Kxh7 18. Qxc3 Kg8 19. Rfd1 Nh5 20. Qb4
b5 21. Rdc1 Nf6 22. Rd1 Bf5 23. Nxe5 a5 24. Qf4 Bc2 25. Nc6 Qd7 26. Rd2 Bg6 27.
Nxa5 Ne4 28. Rdd1 Bf6 29. Bd4 Bg5 30. Qf3 Nf6 31. Qb3 Ne8 32. Nc6 Nc7 33. Bb6
Bh5 34. Re1 Kh8 35. Bxc7 Qxc7 36. Qxb5 f5 37. Nd4 Bf7 38. Ne6 Bxe6 39. dxe6 Be7
40. Qd7 Rc8 41. Rac1 1-0

[Event "East Lansing (MOR/1b/2)"]
[Site "?"]
[Date "1993.??.??"]
[Round "?"]
[White "Sledge, Ernest"]
[Black "Hill, M."]
[Result "1-0"]
[WhiteElo "1770"]
[BlackElo "1605"]
[PlyCount "105"]
[EventDate "1993.??.??"]

1. e4 e6 2. d4 d5 3. e5 c5 4. c3 Nc6 5. Nf3 cxd4 6. cxd4 Bb4+ 7. Nc3 a6 8. Bd3
Nge7 9. O-O Bd7 10. a3 Ba5 11. Be3 b5 12. Ng5 Nf5 13. Bxf5 exf5 14. Nxd5 h6 15.
Nf3 Be6 16. Nf4 Ne7 17. b4 Bb6 18. Nh5 Rg8 19. Qd2 Nd5 20. Rac1 g5 21. Nf6+
Nxf6 22. exf6 Bd5 23. Rfe1 Kf8 24. Qd1 Qxf6 25. Ne5 Rd8 26. Rc8 Kg7 27. Rc1 f4
28. Ng4 Qd6 29. Bd2 Bxd4 30. Ne5 Bxf2+ 31. Kxf2 Qb6+ 32. Kf1 f6 33. Nd3 Bc4 34.
Rxc4 bxc4 35. Qh5 Qc7 36. Nc5 Qd6 37. Bc3 Rge8 38. Rxe8 Rxe8 39. Qxe8 Qd1+ 40.
Qe1 Qxe1+ 41. Kxe1 Kf7 42. Nxa6 Ke7 43. Nc5 f5 44. a4 Kd8 45. a5 Kc7 46. Be5+
Kc6 47. a6 Kb6 48. b5 c3 49. Bxc3 g4 50. Bd4 f3 51. gxf3 h5 52. Ne6+ Kxb5 53.
a7 1-0

[Event "Flint (Class B/2)"]
[Site "?"]
[Date "1993.??.??"]
[Round "?"]
[White "Sledge, Ernest"]
[Black "Calton, David A"]
[Result "1-0"]
[WhiteElo "1750"]
[BlackElo "1785"]
[PlyCount "66"]
[EventDate "1993.??.??"]

1. e4 g6 2. d4 Bg7 3. c3 Nc6 4. Nf3 d6 5. h3 e5 6. d5 Nce7 7. Be2 f5 8. O-O
fxe4 9. Ng5 Nf6 10. Nxe4 Nxe4 11. Qa4+ c6 12. Qxe4 Bf5 13. Qb4 Nxd5 14. Qxb7
Qc8 15. Qxg7 Rf8 16. Bh6 Rf7 17. Qg8+ Ke7 18. Bg5+ Nf6 19. Qxc8 Rxc8 20. Nd2 h5
21. f3 Rb8 22. b3 d5 23. c4 Ke6 24. Bxf6 Rxf6 25. Rac1 d4 26. g4 c5 27. gxf5+
gxf5 28. Kh2 Rd8 29. Bd3 h4 30. Rg1 Rdf8 31. Rg5 e4 32. fxe4 fxe4 33. Nxe4 Rf3
1-0

[Event "Gaylord (NMO/2/19)"]
[Site "?"]
[Date "1993.??.??"]
[Round "?"]
[White "Skogman, R."]
[Black "Miller, J."]
[Result "1-0"]
[WhiteElo "1605"]
[BlackElo "1605"]
[PlyCount "101"]
[EventDate "1993.??.??"]

{2/(19)} 1. d4 d5 2. c4 e6 3. Nf3 Nf6 4. Nc3 Bb4 5. Bg5 Bxc3+ 6. bxc3 dxc4 7.
Qa4+ Bd7 8. Qxc4 h6 9. Bxf6 gxf6 10. e3 Nc6 11. Rb1 b6 12. Be2 Rg8 13. O-O Na5
14. Qd3 Rg7 15. Nd2 Qe7 16. Bf3 Rd8 17. Rb2 e5 18. Rfb1 f5 19. dxe5 Qxe5 20.
Qd4 Qxd4 21. cxd4 Nc6 22. Rc2 f4 23. Bxc6 Bxc6 24. Rxc6 fxe3 25. Re1 Kd7 26.
Rxh6 exd2 27. Rd1 Rdg8 28. g3 Kc8 29. Rxd2 Kb7 30. f4 f5 31. Rf6 Rd7 32. d5
Rgd8 33. Rxf5 a5 34. h4 Ka6 35. g4 c6 36. h5 cxd5 37. h6 Re8 38. Rfxd5 Rc7 39.
g5 Re4 40. R5d4 Re3 41. f5 Rg3+ 42. Rg2 Rh3 43. Rdd2 Rc1+ 44. Kf2 Rcc3 45. g6
Rhf3+ 46. Kg1 Rxf5 47. g7 Rc1+ 48. Kh2 Rh5+ 49. Kg3 Rc3+ 50. Kf2 Rf5+ 51. Ke1
1-0

[Event "Ann Arbor (HVA/5/10)"]
[Site "?"]
[Date "1993.??.??"]
[Round "?"]
[White "Skidmore, Mike"]
[Black "Waller, A."]
[Result "1-0"]
[WhiteElo "1930"]
[BlackElo "1605"]
[PlyCount "123"]
[EventDate "1993.??.??"]

{5/(10)} 1. e4 c6 2. d4 d5 3. e5 Bf5 4. Ne2 e6 5. Ng3 Bg6 6. h4 h6 7. h5 Bh7 8.
Bd3 Bxd3 9. Qxd3 Qb6 10. Nd2 Qa6 11. Qf3 c5 12. dxc5 Bxc5 13. Nb3 Nd7 14. Bf4
Ne7 15. Qg4 Rg8 16. Ne2 O-O-O 17. O-O g5 18. Nxc5 Nxc5 19. Be3 Nd7 20. Nc3 Nxe5
21. Qd4 N7c6 22. Qc5 Nd7 23. Qb5 Qxb5 24. Nxb5 Kb8 25. Rfd1 f5 26. f4 gxf4 27.
Bxf4+ e5 28. Bh2 Nf6 29. Re1 Rg5 30. Rxe5 Ng4 31. Rxd5+ Nxh2 32. Rxd8+ Nxd8 33.
Kxh2 Rxh5+ 34. Kg1 f4 35. Nd4 Re5 36. Rf1 Re4 37. c3 Kc7 38. Kh2 a6 39. Rf2 Ne6
40. Nxe6+ Rxe6 41. Kh3 Re4 42. Kg4 Re1 43. Kxf4 Rh1 44. g4 Kc6 45. Kg3 Rg1+ 46.
Rg2 Rh1 47. Rh2 Rg1+ 48. Kf3 Rf1+ 49. Rf2 Rh1 50. Kg2 Rh4 51. Kg3 Rh1 52. Rh2
Rg1+ 53. Kf4 Rf1+ 54. Ke5 h5 55. gxh5 Re1+ 56. Kd4 Re7 57. h6 Rh7 58. Ke5 Kd7
59. Kf6 Ke8 60. Kg6 Rd7 61. h7 Rd6+ 62. Kf5 1-0

[Event "Ann Arbor (HVA/3/19)"]
[Site "?"]
[Date "1993.??.??"]
[Round "?"]
[White "Skidmore, Mike"]
[Black "Vangilder, W."]
[Result "1-0"]
[WhiteElo "1930"]
[BlackElo "1605"]
[PlyCount "33"]
[EventDate "1993.??.??"]

{3/(19)} 1. e4 Nc6 2. c3 Nf6 3. Qc2 d5 4. exd5 Nxd5 5. Nf3 Bg4 6. Be2 e6 7. d4
Be7 8. O-O Qd6 9. Be3 Nf4 10. Re1 Bf5 11. Qd2 g5 12. Na3 Nxe2+ 13. Qxe2 O-O-O
14. Nc4 Qd5 15. Nce5 Nxe5 16. Nxe5 Bh3 17. gxh3 1-0

[Event "Flint (Class A/3)"]
[Site "?"]
[Date "1993.??.??"]
[Round "?"]
[White "Skidmore, Mike"]
[Black "Smith, Mike A"]
[Result "1/2-1/2"]
[WhiteElo "1905"]
[BlackElo "1860"]
[PlyCount "127"]
[EventDate "1993.??.??"]

1. e4 c5 2. Nf3 d6 3. Bb5+ Bd7 4. Bxd7+ Nxd7 5. O-O g6 6. c3 Bg7 7. d3 e6 8.
Bf4 e5 9. Be3 Ne7 10. Nbd2 d5 11. exd5 Nxd5 12. Ne4 Nxe3 13. fxe3 O-O 14. Qb3
b6 15. Rad1 Qe7 16. Rfe1 Nf6 17. Nxf6+ Qxf6 18. d4 cxd4 19. exd4 exd4 20. Nxd4
Rae8 21. Rxe8 Rxe8 22. Rf1 Qe7 23. Nf3 Qe3+ 24. Kh1 Qe6 25. Qa4 Re7 26. h3 Qd7
27. Qc2 Qb5 28. Rd1 Re2 29. Rd2 Re3 30. c4 Qh5 31. Rd8+ Bf8 32. Qf2 Re4 33. b3
Kg7 34. Rd5 Qh6 35. Ng5 Re7 36. Re5 Rxe5 37. Qxf7+ Kh8 38. Qf6+ Qg7 39. Qxe5
Qxe5 40. Nf7+ Kg7 41. Nxe5 Bd6 42. Nf3 Kf6 43. g4 h5 44. gxh5 gxh5 45. Kg2 Kf5
46. Nd2 h4 47. Kf3 Ke5 48. Ne4 Be7 49. Ke3 Bf8 50. Nf2 Bc5+ 51. Kf3 Kd4 52. Ke2
Kc3 53. Ne4+ Kb2 54. Nxc5 bxc5 55. b4 cxb4 56. c5 Kxa2 57. c6 b3 58. c7 b2 59.
c8=Q b1=Q 60. Qa6+ Kb2 61. Qxa7 Qc2+ 62. Kf3 Qf5+ 63. Ke2 Qxh3 64. Qd4+ 1/2-1/2

[Event "East Lansing (MI Op/2/36)"]
[Site "?"]
[Date "1993.??.??"]
[Round "?"]
[White "Skidmore, Mike"]
[Black "McCarter, Robert"]
[Result "0-1"]
[WhiteElo "1930"]
[BlackElo "1700"]
[PlyCount "106"]
[EventDate "1993.??.??"]

{2/(36)} 1. e4 c5 2. Nf3 d6 3. Bb5+ Bd7 4. Bxd7+ Nxd7 5. O-O Ngf6 6. d3 e6 7.
Ng5 Be7 8. f4 h6 9. Nf3 O-O 10. Nc3 a6 11. Ne2 b5 12. Ng3 Nb6 13. f5 Qd7 14.
Bd2 Nh7 15. Qc1 d5 16. Nh5 dxe4 17. dxe4 Bf6 18. Bxh6 gxh6 19. Qxh6 Qe7 20. Ng5
Bd4+ 21. Kh1 Qxg5 22. Qxg5+ Nxg5 23. Rf4 exf5 24. exf5 f6 25. h4 Nh7 26. Rg4+
Kh8 27. Nf4 Rg8 28. Ng6+ Kg7 29. c3 Bxc3 30. bxc3 Kf7 31. Re1 Rae8 32. Rd1 Rd8
33. Re1 Rge8 34. Rf1 Nd5 35. Rf3 Re3 36. Rxe3 Nxe3 37. Re4 Nxf5 38. Rg4 Rd3 39.
h5 Ng3+ 40. Kh2 Nxh5 41. Nh8+ Ke6 42. Rh4 Rd5 43. Ng6 Kf7 44. Rg4 Rg5 45. Rxg5
fxg5 46. Ne5+ Ke6 47. Nd3 Kd5 48. Nb2 Nf4 49. a4 Ne2 50. axb5 axb5 51. c4+ bxc4
52. Nd1 Kd4 53. g3 c3 0-1

[Event "Lansing (MI Am/3)"]
[Site "?"]
[Date "1993.??.??"]
[Round "?"]
[White "Skidmore, Mike"]
[Black "Labiner, Jordan"]
[Result "1-0"]
[WhiteElo "1910"]
[BlackElo "1625"]
[PlyCount "141"]
[EventDate "1993.??.??"]

1. e4 Nf6 2. e5 Nd5 3. Bc4 Nb6 4. Bb3 Nc6 5. d4 d6 6. exd6 cxd6 7. Nf3 Bg4 8.
Bxf7+ Kxf7 9. Ng5+ Ke8 10. Qxg4 Nb4 11. Qd1 Rc8 12. c3 Qc7 13. O-O N4d5 14. Qf3
Nf6 15. Re1 Qc6 16. Qf5 Qd5 17. Qe6 Qxe6 18. Nxe6 Nbd5 19. Nd2 Nc7 20. Nxc7+
Rxc7 21. Nf3 h6 22. Bf4 Kd7 23. Rad1 g5 24. Bc1 Bg7 25. h3 Rhc8 26. Re2 b5 27.
Rde1 Bf8 28. Bd2 Nd5 29. g3 b4 30. cxb4 Rc2 31. Rb1 Nxb4 32. Ne1 R2c4 33. b3
Rxd4 34. Nf3 Rd3 35. Ne5+ dxe5 36. Bxb4 Bg7 37. Rbb2 Rd1+ 38. Kg2 Rcc1 39.
Rbd2+ Ke6 40. Rxd1 Rxd1 41. Rc2 Rd7 42. Rc5 Bf6 43. Ra5 Rc7 44. Bd2 e4 45. Be3
Rc2 46. Rxa7 Kd5 47. Rd7+ Ke6 48. Rd2 Rc6 49. b4 Bc3 50. Rc2 Kd5 51. b5 Rc4 52.
b6 Be5 53. Rd2+ Kc6 54. a3 Ra4 55. Rc2+ Kb7 56. Rd2 Bd6 57. Rd4 Rxd4 58. Bxd4
Bxa3 59. g4 e6 60. Kf1 Bb4 61. Bg7 Kxb6 62. Bxh6 Be7 63. h4 gxh4 64. g5 Bxg5
65. Bxg5 h3 66. Kg1 Kc5 67. Kh2 Kd4 68. Kxh3 e3 69. Bxe3+ Ke4 70. Kg4 Kd3 71.
Kf4 1-0

[Event "Lansing (MI Am/1)"]
[Site "?"]
[Date "1993.??.??"]
[Round "?"]
[White "Skidmore, Mike"]
[Black "Kishek, R."]
[Result "1-0"]
[WhiteElo "1910"]
[BlackElo "1605"]
[PlyCount "83"]
[EventDate "1993.??.??"]

1. e4 e6 2. c3 d5 3. e5 c5 4. d4 Qb6 5. Bd3 Nc6 6. Nf3 cxd4 7. cxd4 Nxd4 8.
Nxd4 Bc5 9. Nb5 Bd7 10. Nd6+ Bxd6 11. exd6 Qxd6 12. O-O Nf6 13. Nc3 O-O 14. Bg5
e5 15. Bxf6 Qxf6 16. Nxd5 Qg5 17. Ne3 Rad8 18. Qf3 Bc6 19. Qf5 Qxf5 20. Bxf5
Rd4 21. Rad1 Rfd8 22. Rxd4 Rxd4 23. Rd1 g6 24. Bc2 Rd7 25. Rxd7 Bxd7 26. Be4 b6
27. Bd5 Kf8 28. Kf1 f5 29. f3 Bb5+ 30. Ke1 Kg7 31. Nc4 Kh6 32. Nxe5 Kg5 33. Kf2
Kf6 34. Nc6 Bxc6 35. Bxc6 Ke5 36. Ke3 Kd6 37. Ba8 Kc5 38. f4 Kc4 39. Bf3 h5 40.
Bd1 b5 41. Bb3+ Kc5 42. Bf7 1-0

[Event "East Lansing (MI Op/4/37)"]
[Site "?"]
[Date "1993.??.??"]
[Round "?"]
[White "Skidmore, Mike"]
[Black "June, Brian"]
[Result "1-0"]
[WhiteElo "1930"]
[BlackElo "1890"]
[PlyCount "46"]
[EventDate "1993.??.??"]

{4/(37)} 1. e4 c5 2. Nf3 d6 3. Bb5+ Bd7 4. Bxd7+ Qxd7 5. O-O Nc6 6. d3 g6 7.
Nh4 Bg7 8. f4 Nf6 9. f5 Ne5 10. Nc3 Qc6 11. Nf3 Nfd7 12. Kh1 e6 13. fxe6 fxe6
14. Ng5 Ke7 15. Ne2 h6 16. Nxe6 Kxe6 17. d4 Qxe4 18. Nf4+ Ke7 19. dxe5 Bxe5 20.
Qg4 Raf8 21. Bd2 Kd8 22. Ne6+ Ke7 23. Qxe4 Kxe6 1-0

[Event "Lansing (MI Am/5)"]
[Site "?"]
[Date "1993.??.??"]
[Round "?"]
[White "Skidmore, Mike"]
[Black "Jointer, William"]
[Result "1-0"]
[WhiteElo "1910"]
[BlackElo "1720"]
[PlyCount "87"]
[EventDate "1993.??.??"]

1. e4 c5 2. Nf3 Nc6 3. Bb5 d6 4. O-O a6 5. Bxc6+ bxc6 6. c3 Nf6 7. e5 Ng4 8.
exd6 Qxd6 9. Na3 Be6 10. Nc2 g6 11. d4 Rd8 12. Be3 c4 13. Qe2 Bd5 14. g3 Bg7
15. Bf4 Qd7 16. Nb4 Nf6 17. Ne5 Qh3 18. f3 O-O 19. Nexc6 Bxc6 20. Nxc6 h6 21.
Nxd8 Rxd8 22. Be5 Nd5 23. Bxg7 Kxg7 24. Rfe1 h5 25. Qg2 Qd7 26. Re2 h4 27. Rae1
Rh8 28. f4 hxg3 29. hxg3 Qg4 30. Re5 Nf6 31. Rg5 Qd7 32. f5 Nh7 33. Rg4 Qxf5
34. Qe4 Qd7 35. Rh4 Ng5 36. Qe5+ f6 37. Qxe7+ Qxe7 38. Rxe7+ Kf8 39. Rxh8+ Kxe7
40. Kg2 Ne4 41. Ra8 Ke6 42. Rxa6+ Kf5 43. Rc6 Nd2 44. a4 1-0

[Event "Flint (Class A/1)"]
[Site "?"]
[Date "1993.??.??"]
[Round "?"]
[White "Skidmore, Mike"]
[Black "Johnston, Rowland"]
[Result "1-0"]
[WhiteElo "1905"]
[BlackElo "1800"]
[PlyCount "51"]
[EventDate "1993.??.??"]

1. e4 d5 2. exd5 Nf6 3. c4 c6 4. dxc6 Nxc6 5. Nf3 e5 6. d3 Bf5 7. Nc3 Bc5 8.
Bg5 O-O 9. Bxf6 Qxf6 10. Be2 Rfe8 11. O-O Rad8 12. Nd5 Qd6 13. a3 a5 14. Ng5 e4
15. Nxe4 Bxe4 16. dxe4 Rxe4 17. Bd3 Rd4 18. Qc2 Qh6 19. Rad1 Rh4 20. h3 Bd6 21.
Qd2 Ne5 22. Qxh6 Rxh6 23. Be2 Kf8 24. Ne3 Ke7 25. Nf5+ Kf6 26. Rxd6+ 1-0

[Event "Eastpointe (MI Action/4/5)"]
[Site "?"]
[Date "1993.??.??"]
[Round "?"]
[White "Skidmore, Mike"]
[Black "Jirjis, Faris"]
[Result "0-1"]
[WhiteElo "1920"]
[BlackElo "2155"]
[PlyCount "53"]
[EventDate "1993.??.??"]

{4/(5)} 1. e4 e5 2. Nf3 Nf6 3. Nc3 Bb4 4. d3 Nc6 5. Be2 d6 6. O-O Bxc3 7. bxc3
h6 8. Re1 O-O 9. h3 Ne7 10. Bf1 Ng6 11. d4 c6 12. Ba3 exd4 13. cxd4 Re8 14. e5
dxe5 15. dxe5 Nd5 16. c4 Ndf4 17. Qxd8 Rxd8 18. Bd6 Be6 19. Nd4 Rd7 20. Nxe6
Nxe6 21. g3 Nd4 22. Red1 Nf3+ 23. Kg2 Nfxe5 24. c5 f6 25. f4 Nf7 26. Bc4 Kh7
27. Be6 0-1

[Event "East Lansing (MI Op/6/26)"]
[Site "?"]
[Date "1993.??.??"]
[Round "?"]
[White "Skidmore, Mike"]
[Black "Fleming, William"]
[Result "1-0"]
[WhiteElo "1930"]
[BlackElo "1835"]
[PlyCount "49"]
[EventDate "1993.??.??"]

{6/(26)} 1. e4 c5 2. Nf3 d6 3. Bb5+ Bd7 4. Bxd7+ Nxd7 5. O-O g6 6. d3 Bg7 7.
Nc3 Ngf6 8. Ng5 h6 9. Nh3 g5 10. f3 e5 11. Ne2 Nh5 12. Ng3 Nxg3 13. hxg3 Qc7
14. Be3 O-O-O 15. b4 Bf6 16. Qd2 b6 17. a4 Rdg8 18. bxc5 dxc5 19. a5 g4 20.
axb6 axb6 21. fxg4 Rxg4 22. Rf3 Rhg8 23. Qf2 R8g6 24. c3 Qc6 25. c4 {[1-0, 40?]
} 1-0

[Event "Eastpointe (MI Action/2/1)"]
[Site "?"]
[Date "1993.??.??"]
[Round "?"]
[White "Skidmore, Mike"]
[Black "Finegold, Ben"]
[Result "0-1"]
[WhiteElo "1920"]
[BlackElo "2595"]
[PlyCount "40"]
[EventDate "1993.??.??"]

{2/(1)} 1. e4 c5 2. Nf3 Nc6 3. Bb5 e6 4. O-O Nge7 5. d3 a6 6. Bxc6 Nxc6 7. Re1
Be7 8. e5 O-O 9. Nc3 f6 10. exf6 Bxf6 11. Ne4 Be7 12. Bg5 d5 13. Bxe7 Qxe7 14.
Nc3 Qf6 15. h3 Nd4 16. Re3 Bd7 17. Nxd4 Qxf2+ 18. Kh1 Qxe3 19. Nf3 Bc6 20. Qd2
Rxf3 0-1

[Event "Flint (Class A/4)"]
[Site "?"]
[Date "1993.??.??"]
[Round "?"]
[White "Skidmore, Mike"]
[Black "Dangremond, Leonard"]
[Result "0-1"]
[WhiteElo "1905"]
[BlackElo "1955"]
[PlyCount "66"]
[EventDate "1993.??.??"]

1. e4 e5 2. Nf3 Nc6 3. Bb5 a6 4. Ba4 Nf6 5. d3 d6 6. c3 Be7 7. O-O O-O 8. Ng5
h6 9. Nf3 Bg4 10. Nbd2 Qd7 11. Re1 b5 12. Bc2 Nh7 13. Nf1 Ng5 14. Bxg5 Bxg5 15.
h3 Bh5 16. Ng3 Bg6 17. Nxg5 hxg5 18. Nf1 Nd8 19. Bb3 Ne6 20. Qg4 Qe7 21. Bxe6
fxe6 22. Nh2 Rf4 23. Qg3 Raf8 24. Rf1 Bh5 25. f3 c6 26. a4 d5 27. Qf2 dxe4 28.
dxe4 Rxe4 29. axb5 axb5 30. Ra7 Qd6 31. Qb6 Re2 32. Qb7 Bf7 33. Qe7 Qd2 0-1

[Event "Ann Arbor (HVA/2/14)"]
[Site "?"]
[Date "1993.??.??"]
[Round "?"]
[White "Skidmore, Mike"]
[Black "Bemben, R."]
[Result "0-1"]
[WhiteElo "1930"]
[BlackElo "1860"]
[PlyCount "62"]
[EventDate "1993.??.??"]

{2/(14)} 1. e4 c5 2. Nf3 Nc6 3. Bb5 g6 4. O-O Bg7 5. Bxc6 bxc6 6. c3 Ba6 7. Re1
Bd3 8. Ng5 f6 9. Qf3 Bxb1 10. Rxb1 fxg5 11. d3 e5 12. d4 cxd4 13. cxd4 h6 14.
d5 cxd5 15. exd5 d6 16. Qe4 Ne7 17. f4 gxf4 18. Bxf4 O-O 19. Be3 Qd7 20. Qh4 g5
21. Qe4 Rf7 22. Rbd1 Nf5 23. Bc1 Rc8 24. Rf1 Rcf8 25. Rfe1 Qb5 26. a4 Qc5+ 27.
Kh1 Qf2 28. b4 Qh4 29. Qd3 e4 30. Qc4 Be5 31. Rxe4 Qxh2# 0-1

[Event "Eastpointe (MI Action/6/10)"]
[Site "?"]
[Date "1993.??.??"]
[Round "?"]
[White "Skidmore, Mike"]
[Black "Bailey, Jason"]
[Result "1-0"]
[WhiteElo "1920"]
[BlackElo "1700"]
[PlyCount "63"]
[EventDate "1993.??.??"]

{6/(10)} 1. e4 e5 2. Nf3 Nc6 3. Bb5 f5 4. Nc3 fxe4 5. Nxe4 d5 6. Nc3 d4 7. Ne4
Qd5 8. Bxc6+ bxc6 9. d3 Bg4 10. O-O Be7 11. Re1 Nf6 12. c3 O-O 13. c4 Qd7 14.
Nxe5 Nxe4 15. Nxd7 Bxd1 16. Nxf8 Rxf8 17. Rxe4 Bc5 18. Bd2 Bc2 19. b4 Bxd3 20.
Ree1 Bd6 21. g3 Bxc4 22. a4 Rb8 23. Rac1 Bb3 24. Rxc6 Bxa4 25. Ra6 Bc2 26. Rxa7
d3 27. f4 Kf8 28. Re4 c5 29. Rd7 cxb4 30. Rxd6 b3 31. Bb4 Kg8 32. Ba3 1-0

[Event "East Lansing (MI Op/2/30)"]
[Site "?"]
[Date "1993.??.??"]
[Round "?"]
[White "Skidmore, Jennifer"]
[Black "Zacks, Naum"]
[Result "1-0"]
[WhiteElo "1950"]
[BlackElo "1800"]
[PlyCount "41"]
[EventDate "1993.??.??"]

{2/(30)} 1. e4 d6 2. d4 Nf6 3. Bd3 c6 4. f4 g6 5. Nf3 Bg7 6. O-O d5 7. e5 Ne4
8. Bxe4 dxe4 9. Ng5 Bf5 10. g4 Bxg4 11. Qxg4 Qxd4+ 12. Kh1 O-O 13. Nc3 Qc4 14.
Qh3 h5 15. b3 Qa6 16. Bb2 Qb6 17. Ncxe4 Na6 18. f5 Nb4 19. fxg6 fxg6 20. Qe6+
Kh8 21. Qxg6 1-0

[Event "Ann Arbor (HVA/5/2)"]
[Site "?"]
[Date "1993.??.??"]
[Round "?"]
[White "Skidmore, Jennifer"]
[Black "Ward, Tim"]
[Result "0-1"]
[WhiteElo "1940"]
[BlackElo "1835"]
[PlyCount "70"]
[EventDate "1993.??.??"]

{5/(2)} 1. e4 e6 2. d4 d5 3. Nd2 Nf6 4. e5 Nfd7 5. f4 c5 6. Ndf3 Nc6 7. c3 cxd4
8. cxd4 Bb4+ 9. Bd2 Qe7 10. Bd3 f6 11. Ne2 Bxd2+ 12. Qxd2 fxe5 13. dxe5 Nc5 14.
Bc2 Nb4 15. Ned4 Bd7 16. O-O Nxc2 17. Qxc2 Rc8 18. Rac1 O-O 19. Qd2 Ne4 20. Qe3
Qf7 21. g3 Qg6 22. Nh4 Qg4 23. Rxc8 Rxc8 24. f5 Ng5 25. fxe6 Nxe6 26. Ndf5 Rf8
27. Qa3 h6 28. Ng6 Rxf5 29. Ne7+ Kh7 30. Nxf5 Nd4 31. Nh4 Qe4 32. Nf3 Bh3 33.
Rf2 Qb1+ 34. Ne1 Qxe1+ 35. Rf1 Qxf1# 0-1

[Event "Lansing (MI Am/3)"]
[Site "?"]
[Date "1993.??.??"]
[Round "?"]
[White "Skidmore, Jennifer"]
[Black "Stanulis, T."]
[Result "1-0"]
[WhiteElo "1900"]
[BlackElo "1605"]
[PlyCount "69"]
[EventDate "1993.??.??"]

1. e4 c5 2. Nc3 a6 3. f4 e6 4. Nf3 Nc6 5. Be2 Qc7 6. O-O b5 7. d3 Bb7 8. Be3
Nf6 9. h3 d6 10. a3 Be7 11. Qe1 d5 12. e5 Nd7 13. Bd2 O-O 14. Qg3 f6 15. Qg4
Nd8 16. Qg3 fxe5 17. fxe5 d4 18. Nd1 Rb8 19. Bf4 Nf7 20. Re1 Nh8 21. Bg5 Bxg5
22. Nxg5 Nxe5 23. Nxe6 Nf3+ 24. Qxf3 Qe7 25. Qg4 h5 26. Qxg7+ Qxg7 27. Nxg7
Kxg7 28. Bxh5 Rf5 29. Bg4 Rg5 30. Nf2 Ng6 31. Ne4 Bxe4 32. Rxe4 Ne5 33. Be2 Kh6
34. h4 Rf5 35. g4 1-0

[Event "East Lansing (MI Op/6/23)"]
[Site "?"]
[Date "1993.??.??"]
[Round "?"]
[White "Skidmore, Jennifer"]
[Black "Smith, Ed"]
[Result "0-1"]
[WhiteElo "1950"]
[BlackElo "1870"]
[PlyCount "60"]
[EventDate "1993.??.??"]

{6/(23)} 1. e4 c5 2. Nc3 Nc6 3. f4 d6 4. Bb5 Bd7 5. Bxc6 Bxc6 6. Nf3 b5 7. d3
b4 8. Ne2 e6 9. O-O Ne7 10. Qe1 g6 11. Rb1 Bg7 12. Bd2 a5 13. Ng3 f5 14. Ng5
Qc8 15. Qe2 h6 16. Nf3 O-O 17. Nh4 Kh7 18. exf5 Nxf5 19. Ngxf5 exf5 20. Nf3 Qd7
21. Qf2 Qf7 22. Qh4 Bxf3 23. Rxf3 Rae8 24. b3 Re2 25. Re1 Rxd2 26. Re7 Qf6 27.
Qxh6+ Kg8 28. Qg5 Qa1+ 29. Rf1 Bd4+ 30. Kh1 Qxf1# 0-1

[Event "Eastpointe (MI Action/5/12)"]
[Site "?"]
[Date "1993.??.??"]
[Round "?"]
[White "Skidmore, Jennifer"]
[Black "Smeckert, Dennis"]
[Result "1-0"]
[WhiteElo "1905"]
[BlackElo "1605"]
[PlyCount "62"]
[EventDate "1993.??.??"]

{5/(12)} 1. e4 c5 2. Nc3 Nc6 3. f4 d6 4. Bb5 g6 5. Bxc6+ bxc6 6. Nf3 Bg7 7. O-O
Bg4 8. d3 e6 9. Qe1 Bxf3 10. Rxf3 Ne7 11. Ne2 f5 12. c3 O-O 13. Rh3 Rf7 14. Be3
a5 15. Rd1 Rb8 16. Rd2 Rb5 17. d4 Qb8 18. b3 c4 19. bxc4 Rb2 20. e5 Rxd2 21.
Qxd2 Nc8 22. c5 d5 23. Qe1 Na7 24. Qh4 Qb1+ 25. Nc1 Bh8 26. Qd8+ Kg7 27. Qxa5
Qb5 28. Qb4 Rb7 29. a3 Qa6 30. Bf2 Rxb4 31. cxb4 Qxa3 1-0

[Event "Flint (Class A/3)"]
[Site "?"]
[Date "1993.??.??"]
[Round "?"]
[White "Skidmore, Jennifer"]
[Black "Rosenberg, Steve"]
[Result "1-0"]
[WhiteElo "1900"]
[BlackElo "1805"]
[PlyCount "59"]
[EventDate "1993.??.??"]

1. e4 e5 2. f4 exf4 3. Nf3 d6 4. d4 Nf6 5. Nc3 Be7 6. Bxf4 Bg4 7. Bc4 O-O 8.
O-O Nh5 9. Be3 Nf6 10. Qe1 Bxf3 11. Rxf3 Nc6 12. Rh3 Ng4 13. Nd5 Nxe3 14. Qxe3
Na5 15. Bd3 Bg5 16. Qf3 Nc6 17. c3 Ne7 18. e5 Ng6 19. Qh5 Bh6 20. Nf6+ Kh8 21.
Qxh6 gxh6 22. Rxh6 Qxf6 23. exf6 Rg8 24. Rf1 Rge8 25. Rf3 Re1+ 26. Kf2 Rae8 27.
Rfh3 R8e6 28. Rxh7+ Kg8 29. Bc4 Nf4 30. Rh8# 1-0

[Event "Westland (MI Women/2/2)"]
[Site "?"]
[Date "1993.??.??"]
[Round "?"]
[White "Skidmore, Jennifer"]
[Black "Raupp, Helene"]
[Result "1-0"]
[WhiteElo "1940"]
[BlackElo "1605"]
[PlyCount "35"]
[EventDate "1993.??.??"]

{2/(2)} 1. e4 e6 2. d4 d5 3. Nd2 c5 4. exd5 exd5 5. dxc5 Bxc5 6. Ngf3 Bg4 7.
Bb5+ Nc6 8. O-O Nge7 9. Nb3 Bb6 10. Bg5 O-O 11. Re1 Qd6 12. h3 Bh5 13. c4 Bxf3
14. Qxf3 dxc4 15. Rad1 Qb4 16. Bxc4 Ng6 17. Bd5 Rfe8 18. Qxf7+ 1-0